Normal view
MARC view
Entry Topical Term
001 - CONTROL NUMBER
- control field: 11683
003 - CONTROL NUMBER IDENTIFIER
- control field: BD-RjUL
005 - DATE AND TIME OF LATEST TRANSACTION
- control field: 20240212144501.0
008 - FIXED-LENGTH DATA ELEMENTS
- fixed length control field: 240212|| aca||aabn | a|a d
040 ## - CATALOGING SOURCE
- Original cataloging agency: BD-RjUL
- Transcribing agency: BD-RjUL
150 ## - HEADING--TOPICAL TERM
- Topical term or geographic name entry element: Social life
- Form subdivision: Bangladesh
670 ## - SOURCE DATA FOUND
- Source citation: Work cat.: (BD-RjUL)83063: ইসলাম, এস. এম. রফিকুল 11681, সেনযুগে বাংলার সামাজিক জীবন /, ১৯৯৪